| 000 | 00889nam a2200289 a 4500 | ||
|---|---|---|---|
| 001 | 1110024 | ||
| 003 | mut | ||
| 005 | 20240606081130.0 | ||
| 008 | 940307s1994 txua 001 0 eng | ||
| 010 | _a 93083225 | ||
| 020 | _a0030968003 | ||
| 040 |
_aDLC _cDLC |
||
| 050 | 0 | 0 |
_aQA303 _b.E38 1994 |
| 082 | 0 | 0 |
_a515/.15 _220 |
| 100 | 1 |
_aEllis, Robert, _d1938- |
|
| 245 | 1 | 0 | _aCalculus with analytic geometry / |
| 250 | _a5th ed. | ||
| 260 |
_aFort Worth : _bSaunders College Pub., _cc1994. |
||
| 300 |
_axx, 1024, 70, 19 p. : _bill. (some col.) ; _c27 cm. |
||
| 500 | _aIncludes indexes. | ||
| 650 | 0 | _aCalculus. | |
| 650 | 0 | _aGeometry, Analytic. | |
| 700 | 1 | _aGulick, Denny. | |
| 906 |
_a7 _bcbc _corignew _d2 _eopcn _f19 _gy-gencatlg |
||
| 942 |
_2lcc _cBK |
||
| 999 |
_c10086 _d10086 |
||